| 000 | 01171nam a2200349 i 4500 | ||
|---|---|---|---|
| 003 | EG-GICUC | ||
| 005 | 20260430123511.0 | ||
| 008 | 260430s1954 fr aaabfr|||| 00| 0 fre d | ||
| 040 |
_aEG-GiCUC _bfre _cEG-GiCUC _dEG-GiCUC _eRda |
||
| 041 | _afre | ||
| 082 | 0 | 4 |
_221 _a343.3311 _bLE . D |
| 092 | 0 | 4 | _221 |
| 099 | _aLaw1 10 343.3311 LE . D 8 ed - 1954 | ||
| 100 | 1 |
_aBesson, M. Antonin _eAuteur |
|
| 245 | 1 | 0 |
_aDictionnaire-Formulaire Des Parquets Et De La Police Judiciaire. _nTome Premire, _pA-C / _cM. Antonin Besson. |
| 250 | _aHuitième éditionز | ||
| 264 | 1 |
_aParis : _bÉditions Rousseau, _c1954. |
|
| 300 |
_a1255 page ; _c 24 cm. |
||
| 336 |
_2rda contenu _a texte |
||
| 337 |
_2rda medias _aOrdinateur |
||
| 338 |
_2 transporteur rda _a Ressource en ligne |
||
| 500 | _aComprend un index. | ||
| 546 | _aTexte en français | ||
| 650 | 1 | 4 | _aDroit pénal |
| 700 | 1 |
_a Besson, Antonin. _eÉditeur |
|
| 700 | 1 |
_aPicard, Henri. _ePréfacier |
|
| 700 | 1 |
_aCombaldieu, Raoul. _eÉditeur |
|
| 700 | 1 |
_aSiméon, Jacques. _eÉditeur |
|
| 856 | 4 | 0 | _uhttps://fll.law.cu.edu.eg/fulltext/bks/B10-10325.pdf |
| 905 | _a30 | ||
| 942 |
_2ddc _cBK _e21 _n0 |
||
| 999 |
_c74496 _d74496 |
||